Journal of organizational ethnography

Bibliographic Details
Format: Electronic Journal
Language:English
Published: Bingley, England : Emerald Group Publishing, 2012-
Subjects:
Online Access:Full text available from Research Library: 01/01/2012 to 1 year ago

MARC

LEADER 00000nas a2200000 i 4500
001 ssj0001073592
003 WaSeSS
005 20200512172242.0
006 m d
007 cr n
008 131220c20129999enkf| p|s|||||| |0eng d
022 |a 2046-6757  |l 2046-6749  |y 2046-6749 
035 |a (WaSeSS)ssj0001073592 
040 |a WaSeSS  |b eng  |c WaSeSS  |d WaSeSS 
050 1 4 |a HD58.7 
222 0 |a Journal of organizational ethnography  |b (Online) 
245 0 0 |a Journal of organizational ethnography  |h [electronic resource]. 
260 |a Bingley, England :  |b Emerald Group Publishing,  |c 2012- 
310 |a Semiannual 
362 1 |a Began with Volume 1, Number 1 (2012). 
506 |a License restrictions may limit access. 
588 |a Description based on: Volume 1, Number 1 (2012); title from article pdf (ProQuest, viewed Dec. 20, 2013). 
588 |a Latest issue consulted: Volume 2 (2) (2013) (viewed Dec. 20, 2013). 
650 0 |a Corporate culture  |v Periodicals. 
650 0 |a Business anthropology  |v Periodicals. 
650 0 |a Organizational sociology  |v Periodicals. 
655 0 |a Electronic journals. 
776 0 8 |i Print version:  |t Journal of organizational ethnography  |x 2046-6749 
856 4 0 |z Full text available from Research Library: 01/01/2012 to 1 year ago  |u https://search.proquest.com/publication/1396346